000 02722nam a22003491 4500
005 20050808122104.0
008 721219s1962 nyu 000 0 eng
010 _aB-359284-294
020 _a9780007266739
_c395.00
035 _aB-359284-294
037 _bAakar Books
040 _adpl
_bEnglish
082 _aN
100 _aTaylor, Andrew
245 _aThe American boy /
_cby Andrew Taylor
260 _aLondon
_bHarper Perennial
_c2008
270 _a77-85, Fulham Palace Road
_bHammersmith, London
_eW6 8JB
300 _a485, 13p.
_c18 cm (pbk)
942 _2ddc
_cEN
_hN
_mTAY
999 _c23822
_d23822